LEADER 01394nam a2200241 u 4500 001 000000110831 003 CaOOAMICUS 005 20080328155900.0 008 080328m19671968it a u000 u ita u 040 $aPUL$bita$dLDB 100 1 $aScialpi, Erminio,$d1902-$0(OLS)http://pul/name/25717 245 10$aA briglia sciolta :$battorno al Cuncta nihilque sumus! due pagine autografe inedite di Achille Loria ; Contributo allo studio del periodo marxista di B. Croce e della personalità di A. Loria /$cErminio Scialpi. 260 $aFerrara :$bSATE,$c1967-1968. 300 $axii, 294, 22, 41 p., [6] p. di tav. :$bill. ;$c22 cm. 500 $aFuori testo: 1. La crisi delle Università. 2. Bibliografia completa dell'autore. 504 $aInclude riferimenti bibliografici. 600 14$aLoria, Achille.$0(OLS)http://pul/subject/34237 600 14$aCroce, Benedetto,$d1866-1952.$0(OLS)http://pul/subject/1894 850 $aPUL 852 $aPUL$W1$xDP1 Cons. Gen., Altre Classi 1$y22$m715 E 33$j127004$qStampati$B125713$CPULBib$Z2$F125713 $H34755 $82 941 1 $a8 996 $6245$aA briglia sciolta :$battorno al Cuncta nihilque sumus! due pagine autografe inedite di Achille Loria ; Contributo allo studio del periodo marxista di B. Croce e della personalità di A. Loria$9(OLS)http://pul/title/139373 996 $6260$aFerrara :$bSATE$9(OLS)http://pul/publisher/47954 LEADER 01111nam a2200265 a 4500 001 000000150849 003 CaOOAMICUS 005 20160330143932.0 008 160330s1975 it u000 u ita r 032 $aLibriCat 040 $aPUL$bita 100 1 $aCerri, Giovanni.$0(OLS)http://pul/name/11531 245 13$aIl linguaggio politico nel Prometeo di Eschilo :$bsaggio di semantica /$cGiovanni Cerri. 260 $aRoma :$bEdizioni dell'Ateneo,$c1975. 300 $a155 p. ;$c23 cm. 490 1 $aFilologia e critica ;$v17 504 $aBibliografia in nota. 600 04$aAeschylus,$dc. 525/4-458/6.$0(OLS)http://pul/subject/20404 830 0$aFilologia e critica ;$v17.$0(OLS)http://pul/title/5108 850 $aPUL 852 $aPUL$W1$xDP1 Cons. Gen., Altre Classi 1$y22$m693 E 4$j173246$qStampati$B175455$CPULBib$Z2$F175455 $H47031 $81 941 1 $a8 996 $6245$aIl linguaggio politico nel Prometeo di Eschilo :$bsaggio di semantica$9(OLS)http://pul/title/190028 996 $6260$aRoma :$bEdizioni dell'Ateneo$9(OLS)http://pul/publisher/48364